|
|
|
|
| LEADER |
00000nab a2200000 ar4500 |
| 001 |
vtls010860216 |
| 003 |
SK-MaSNL |
| 005 |
20260305040837.0 |
| 008 |
150812c2015 xo wr|p|||||||000 b|slo |
| 038 |
|
|
|a PPPK
|
| 040 |
|
|
|a PPPKCL
|b slo
|c PPPKCL
|e AACR2
|
| 041 |
0 |
|
|a slo
|
| 044 |
|
|
|a xo
|c SK
|
| 080 |
|
|
|a 332.122(1-24)
|2 2001
|
| 080 |
|
|
|a 338.48
|2 2001
|
| 080 |
|
|
|a 37.014.542
|2 2001
|
| 100 |
1 |
|
|a Mucha, Lukáš
|4 aut
|9 1620835
|
| 245 |
1 |
0 |
|a Spojme sa pre región
|c Mgr. Lukáš Mucha
|
| 300 |
|
|
|b Fotogr.
|
| 610 |
2 |
7 |
|a Mikroregión Spišský hrad - Podbranisko (združenie)
|2 pppkcl
|9 229078
|
| 610 |
2 |
7 |
|a Spojme sa pre región (projekt)
|2 pppkcl
|9 1620836
|
| 650 |
0 |
7 |
|a mikroregióny
|2 pppkcl
|9 29043
|
| 650 |
0 |
7 |
|a cestovný ruch
|2 pppkcl
|9 999
|
| 650 |
0 |
7 |
|a vzdelávacie projekty
|2 pppkcl
|9 28631
|
| 651 |
|
7 |
|a Spišské Podhradie (Slovensko)
|2 pppkcl
|9 26697
|
| 651 |
|
7 |
|a Levoča (Slovensko : okres)
|2 pppkcl
|9 30131
|
| 773 |
0 |
|
|t Podhradčan : informačný občasník mesta Spišské Podhradie
|g Č. 3 (2015), s. 4
|
| 852 |
|
|
|a PPPK
|b KIS3GCP
|
| 856 |
|
|
|u http://www.new.spisskepodhradie.sk/sections/134/podhradcan_.html
|
| 999 |
|
|
|c 3340613
|d 3342543
|